|
|
|
|
| LEADER |
01136nam a2200313 a 4500 |
| 001 |
40157 |
| 003 |
BD-DhAAL |
| 008 |
221215t2000 mnua 000 0 eng d |
| 010 |
|
|
|a 2001278672
|
| 020 |
|
|
|a 1571314121
|
| 020 |
|
|
|a 9781571314123
|
| 040 |
|
|
|a DLC
|c DLC
|d DLC
|d BD-DhAAL
|
| 041 |
1 |
|
|a eng
|
| 050 |
0 |
0 |
|a PL2261
|b .L8413 2000
|
| 082 |
|
|
|a 895.109
|2 23
|
| 100 |
1 |
|
|a Lu, Ji,
|d 261-303.
|9 52978
|
| 240 |
1 |
0 |
|a Wen fu.
|l English
|
| 245 |
1 |
4 |
|a The art of writing :
|b Lu Chi's Wen fu /
|c translated from the Chinese by Sam Hamill.
|
| 246 |
3 |
0 |
|a Lu Chi's Wen fu
|
| 250 |
|
|
|a Rev. edition
|
| 260 |
|
|
|a Minneapolis, Minn. :
|b Milkweed Editions,
|c 2000.
|
| 300 |
|
|
|a xxxiii, 45 pages :
|b illustrations ;
|c 23 cm.
|
| 541 |
|
|
|a Donated By Akbar Ali Khan
|e 40157
|
| 650 |
|
0 |
|a Chinese literature
|x History and criticism.
|9 52979
|
| 700 |
1 |
|
|a Hamill, Sam.
|9 52980
|
| 852 |
|
|
|a Ayesha Abed Library
|c Akbar Ali Khan Collection
|
| 942 |
|
|
|2 ddc
|c BK
|
| 999 |
|
|
|c 45199
|d 45199
|
| 952 |
|
|
|0 0
|1 0
|2 ddc
|4 0
|6 895_109000000000000_LU
|7 1
|9 72513
|a BRACUL
|b BRACUL
|c AAKC
|d 2022-12-15
|e Donated by Akbar Ali Khan
|l 0
|o 895.109 LU
|p 3010040157
|r 2022-12-15
|t 1
|w 2022-12-15
|y BK
|